Statistics for Countries With The Most Instagram Users

Click here to take the quiz!

General Stats

  • This quiz has been taken 57 times
  • The average score is 17 of 20

Answer Stats

Users%Country% Correct
159.7 M48,2%United States
100%
119.4 M57,6%Brazil
95%
63.0 M43,3%Russia
95%
17.4 M46,1%Canada
93%
26.3 M40,8%France
93%
46.1 M36,5%Japan
93%
37.8 M29,5%Mexico
93%
27.5 M45,5%Italy
91%
22.8 M48,8%Spain
91%
31.5 M46,4%United Kingdom
91%
29.8 M35,6%Germany
88%
230.2 M16,4%India
88%
99.1 M36,2%Indonesia
81%
24.7 M55,1%Argentina
77%
20.6 M40,3%South Korea
74%
52.1 M61,8%Turkey
74%
18.6 M25,8%Philippines
72%
16.1 M36,8%Ukraine
72%
18.5 M26,4%Thailand
70%
18.3 M36,2%Colombia
63%

Score Distribution

Percentile by Number Answered

Percent of People with Each Score

Your Score History

You have not taken this quiz